00354nam a2200145Ia 45000030006000000080041000060400015000471000020000622450036000822500006001182600047001243000008001715460012001790050017001910STCL150530s9999 xx 000 0 und d aSTCLcSTCL aRamamurti, K.S. aCanadian Literature And Society a1 bPencraft International; Delhic1996aDelhi a248 aEnglish20220125170816.0